Switzeland your partner

সংরক্ষণ করুন:
গ্রন্থ-পঞ্জীর বিবরন
প্রধান লেখক: Jean-Pascal Delamuraz
বিন্যাস: গ্রন্থ
ভাষা:Undetermined
প্রকাশিত: Switzeland Swiss office for trade promotion 1987
ট্যাগগুলো: ট্যাগ যুক্ত করুন
কোনো ট্যাগ নেই, প্রথমজন হিসাবে ট্যাগ করুন!
Thư viện lưu trữ: Trung tâm Học liệu Trường Đại học Cần Thơ
LEADER 00359nam a2200121Ia 4500
001 CTU_86306
008 210402s9999 xx 000 0 und d
100 |a Jean-Pascal Delamuraz 
245 0 |a Switzeland your partner 
260 |a Switzeland 
260 |b Swiss office for trade promotion 
260 |c 1987 
980 |a Trung tâm Học liệu Trường Đại học Cần Thơ